000 00514nam a2200193 a 4500
001 1766566526940
003 YourLibrary
005 20251226115018.0
008 251224s2005##################000#0#eng##
020 _a9780743256346
082 0 4 _a270.2092
_bFRE
100 1 _aFreeman, Philip,
_eauthor.
245 1 0 _aSt. Patrick of Ireland :
260 _bSimon and Schuster,
_c2005.
300 _a240 pages
650 0 _aBiography & Autobiography.
942 _cENGLISH
040 _aYourLibrary
_beng
_cYourLibrary
999 _c604607
_d604607